STUDIA PATAVINA. RIVISTA DI SCIENZE RELIGIOSE. N. II. ANNO XXXVII. MAGGIO AGOSTO 1990. (Record n. 319955)
[ formato base ]
| 000 -LEADER | |
|---|---|
| fixed length control field | 01642nas a2200277Ia 4500 |
| 001 - CONTROL NUMBER | |
| control field | R200-R1880 |
| 003 - CONTROL NUMBER IDENTIFIER | |
| control field | IT-CnALBA |
| 008 - FIXED-LENGTH DATA ELEMENTS--GENERAL INFORMATION | |
| fixed length control field | 170116c99999999xx |||||||||||| ||und|| |
| 040 ## - CATALOGING SOURCE | |
| Original cataloging agency | IT-CnALBA |
| Transcribing agency | IT-CnALBA |
| 041 ## - LANGUAGE CODE | |
| Language code of text/sound track or separate title | ITALIANO |
| 999 ## - SYSTEM CONTROL NUMBERS (KOHA) | |
| Koha Dewey Subclass [OBSOLETE] | NO |
| 100 ## - MAIN ENTRY--PERSONAL NAME | |
| Personal name | SEQUERI PIERANGELO |
| 210 ## - ABBREVIATED TITLE | |
| Abbreviated title | STUDIA PATAVINA |
| 222 ## - KEY TITLE | |
| Key title | STUDIA PATAVINA |
| 245 #0 - TITLE STATEMENT | |
| Title | STUDIA PATAVINA. RIVISTA DI SCIENZE RELIGIOSE. N. II. ANNO XXXVII. MAGGIO AGOSTO 1990. |
| 250 ## - EDITION STATEMENT | |
| Edition statement | 1a ed. |
| 260 ## - PUBLICATION, DISTRIBUTION, ETC. (IMPRINT) | |
| Place of publication, distribution, etc. | PADOVA |
| Name of publisher, distributor, etc. | ANTONIANA, TIPO-LITOGRAFIA. |
| Date of publication, distribution, etc. | 1990 |
| 300 ## - PHYSICAL DESCRIPTION | |
| Extent | 213 p. |
| 310 ## - CURRENT PUBLICATION FREQUENCY | |
| Current publication frequency | QUADRIMESTRALE |
| 362 ## - DATES OF PUBLICATION AND/OR SEQUENTIAL DESIGNATION | |
| Dates of publication and/or sequential designation | Fascicolo: 2 / Anno: 37 (1990) |
| 500 ## - GENERAL NOTE | |
| General note | TRENTIN G. ROMANATO G. BUTTURINI G. DI TERLIZZI P. SEGALLA G. FEDE E STORIA IN CHIESA DI FRATERNITÀ. RECENSIONI LIBRI IN VISIONE. CONGRESSO SNTS. STUDI ISLAMICI. CODICE EREDITARIO. RICERCA SUL POETA GIOVENCO. MOVIMENTO MEDICO MISSIONARIO IN ITALIA. DON GIUSEPPE BALDO E IL VENETO NEL SECONDO OTTOCENTO. NON SANTI MA UOMINI DI D. BONHOEFFER. CONVEGNO DI AQUILEIA. INSOPPORTABILE EREDITÀ DEL MODERNO. |
| 501 ## - WITH NOTE | |
| With note | Società San Paolo EM - Piazza San Paolo, 14 - 12051 ALBA (CN) (non commercial uses only) ® Copyright 2017 |
| 520 ## - SUMMARY, ETC. | |
| Summary, etc. | TRENTIN G. ROMANATO G. BUTTURINI G. DI TERLIZZI P. SEGALLA G. FEDE E STORIA IN CHIESA DI FRATERNITÀ. RECENSIONI LIBRI IN VISIONE. CONGRESSO SNTS. STUDI ISLAMICI. CODICE EREDITARIO. RICERCA SUL POETA GIOVENCO. MOVIMENTO MEDICO MISSIONARIO IN ITALIA. DON GIUSEPPE BALDO E IL VENETO NEL SECONDO OTTOCENTO. NON SANTI MA UOMINI DI D. BONHOEFFER. CONVEGNO DI AQUILEIA. INSOPPORTABILE EREDITÀ DEL MODERNO. |
| 650 ## - SUBJECT ADDED ENTRY--TOPICAL TERM | |
| Topical term or geographic name as entry element | MISCELLANEA DI RELIGIONE |
| 942 ## - ADDED ENTRY ELEMENTS (KOHA) | |
| Koha item type | RIVISTA |
| 957 ## - | |
| -- | 1 |
| 999 ## - SYSTEM CONTROL NUMBERS (KOHA) | |
| -- | 1 |
| Withdrawn status | Lost status | Damaged status | Not for loan | Home library | Current library | Date acquired | Total Checkouts | Full call number | Date last seen | Price effective from | Koha item type | Public note |
|---|---|---|---|---|---|---|---|---|---|---|---|---|
| Buone Condizioni | Not For Loan | ALBA - Biblioteca | ALBA - Biblioteca | 16/01/2017 | R200-R1880 | 16/01/2017 | 16/01/2017 | RIVISTA | (data import: 16 gennaio 2017) - By Epidotti, Vaglietti. |